7-Letter Popes Quiz Stats

Quiz not verified by Sporcle

Also try: 6-Letter Popes
Challenge
Share
Tweet
Embed
Score 0/14 Timer 05:00
0 Plays Today
# of Popes Name % Correct
1Francis
75%
15Gregory
62.5%
14Clement
54.2%
1Zachary
33.3%
2Marinus
29.2%
4Sergius
29.2%
8Stephen
25%
# of Popes Name % Correct
1Hyginus
20.8%
1Romanus
20.8%
2Damasus
20.8%
2Paschal
20.8%
1Anterus
20.8%
1Zosimus
20.8%
1Pontain
12.5%

You're not logged in!

Compare scores with friends on all Sporcle quizzes.
Join for Free
OR
Log In

You Might Also Like...

Show Comments

Extras

Created May 5, 2015ReportNominate
Tags:Catholicism Quiz, catholic, pope

Top Quizzes Today


Score Distribution

Your Account Isn't Verified!

In order to create a playlist on Sporcle, you need to verify the email address you used during registration. Go to your Sporcle Settings to finish the process.

Report this User

Report this user for behavior that violates our Community Guidelines.

Details: